| 000 | 00385 a2200133 4500 | ||
|---|---|---|---|
| 999 |
_c327495 _d327495 |
||
| 001 | 92422 | ||
| 003 | NUST | ||
| 005 | 20180120150326.0 | ||
| 008 | 180120b xxu||||| |||| 00| 0 eng d | ||
| 082 | _a070.449 MUT | ||
| 100 |
_aMuttahir Ahmed Khan _99256 |
||
| 245 | _aThe Lighthouse ; Selected Essays on Education, Literature and Economy | ||
| 260 |
_aKarachi _bParamount Books (Pvt) Limited _c2014 |
||
| 300 | _axxi, 206p. | ||
| 500 | _aGeneral Books | ||
| 942 |
_aCAE NUST _cBK _k070.449 MUT _2ddc |
||